<?xml version="1.0" encoding="UTF-8"?>
<record
    xmlns:xsi="http://www.w3.org/2001/XMLSchema-instance"
    xsi:schemaLocation="http://www.loc.gov/MARC21/slim http://www.loc.gov/standards/marcxml/schema/MARC21slim.xsd"
    xmlns="http://www.loc.gov/MARC21/slim">

  <leader>00686nam a22001697a 4500</leader>
  <controlfield tag="003">OSt</controlfield>
  <controlfield tag="005">20130522132005.0</controlfield>
  <controlfield tag="008">130522s1992    xxu||||| |||| 00| 0 spa d</controlfield>
  <datafield tag="040" ind1=" " ind2=" ">
    <subfield code="c">CDMR</subfield>
  </datafield>
  <datafield tag="245" ind1="0" ind2="0">
    <subfield code="a">Manual de seguridad para periodistas</subfield>
    <subfield code="b">: las armas del periodista : disuaci&#xF3;n y persuasi&#xF3;n [sic]</subfield>
    <subfield code="c">Fabi&#xE1;n Chac&#xF3;n L&#xF3;pez</subfield>
  </datafield>
  <datafield tag="260" ind1=" " ind2=" ">
    <subfield code="a">[Lima]</subfield>
    <subfield code="b">Federaci&#xF3;n Internacional de Periodistas. Oficina Regional Am&#xE9;rica Latina </subfield>
    <subfield code="c">[cop. 1991]</subfield>
  </datafield>
  <datafield tag="300" ind1=" " ind2=" ">
    <subfield code="a">32 p.</subfield>
    <subfield code="b">il.</subfield>
  </datafield>
  <datafield tag="650" ind1="0" ind2="4">
    <subfield code="9">2767</subfield>
    <subfield code="a">Periodistes</subfield>
    <subfield code="x">Situaci&#xF3; legal, lleis, etc</subfield>
  </datafield>
  <datafield tag="700" ind1="1" ind2=" ">
    <subfield code="9">3485</subfield>
    <subfield code="a">Chac&#xF3;n L&#xF3;pez, Fabi&#xE1;n</subfield>
  </datafield>
  <datafield tag="710" ind1="2" ind2=" ">
    <subfield code="9">997</subfield>
    <subfield code="a">International Federation of Journalists</subfield>
    <subfield code="b"> -- Oficina Regional Am&#xE9;rica Latina</subfield>
  </datafield>
  <datafield tag="942" ind1=" " ind2=" ">
    <subfield code="2">udc</subfield>
    <subfield code="c">FULLET</subfield>
  </datafield>
  <datafield tag="999" ind1=" " ind2=" ">
    <subfield code="c">6294</subfield>
    <subfield code="d">6294</subfield>
  </datafield>
  <datafield tag="952" ind1=" " ind2=" ">
    <subfield code="0">0</subfield>
    <subfield code="1">0</subfield>
    <subfield code="4">0</subfield>
    <subfield code="7">0</subfield>
    <subfield code="a">CDMR</subfield>
    <subfield code="b">CDMR</subfield>
    <subfield code="d">2013-01-16</subfield>
    <subfield code="l">0</subfield>
    <subfield code="o">Ci 7/15</subfield>
    <subfield code="p">CDMR13056483</subfield>
    <subfield code="r">2013-05-22</subfield>
    <subfield code="w">2013-05-22</subfield>
    <subfield code="y">FULLET</subfield>
  </datafield>
</record>
